Quizzes
Events
Quiz Creation
Community
Videos
Private Events
Remove Ads
Sign In
Join for FREE
Feedback
Dark Mode
Quiz Categories
Sports
Geography
Music
Movies
Television
Just For Fun
Miscellaneous
History
Literature
Language
Science
Gaming
Entertainment
Religion
Holiday
For Kids
Quiz Lab
Recent
Popular Today
Quiz Kudos Today
Editor Picks
Curator Picks
Quizzes by...
Day
Popularity
Type
Ratings
Length
Year
Community
Subscriptions
Recent Discussions
Orange Saloon
Badges
Playlists
Quests
Create
Leaderboards
Showdown
Live 5
Trivia Bingo
Activity
Puzzle Library
Sporcle Events
Private Events
Virtual Trivia
Globe League
Become a Host
Pub Owners
SporcleCon
Opinionation
Our Games
Videos
Blog
Mobile Apps
Partnerships
Remove Ads and Go Orange
Feedback
Sports
Athletes
MLB
NBA
NHL
NFL
Soccer
Sports Teams
WWE
NCAA
Football
Premier League
Basketball
Baseball
Hockey
Golf
Tennis
Cricket
Rugby
Auto Racing
Olympics
World Cup
Sports
Athletes
MLB
NBA
NHL
NFL
Soccer
Sports Teams
WWE
NCAA
Football
Premier League
Basketball
Baseball
Hockey
Golf
Tennis
Cricket
Rugby
Auto Racing
Olympics
World Cup
Random Quiz
Search Sporcle
×
Quiz Lab
Quiz Lab
Sports
Football
Type in answers that appear in a list
Type in answers that appear in a list
Classic
Best Score? Go Orange.
Heisman top 10 finishers-1990s Stats
Can you name the top 10 vote getters for the heisman trophy each year in the 90s?
By
leftyJR3
8m
86 Questions
267 Plays
267 Plays
267 Plays
Comments
Comments
Give Quiz Kudos
Give Quiz Kudos
-
- Ratings
hide this ad
Replay
Link that replays current quiz
Next Quiz
Link to next quiz in quiz playlist
You Got
0%
They Got
Avg Score
48%
Avg Friend Score
Upgrade to see
Score Distribution
Jump to the score distribution portion of the page
Score
0/86
Timer
08:00
0
Plays Today
School
Player
% Correct
Texas
Ricky Williams
89.9%
Wisconsin
Ron Dayne
87.6%
Virginia Tech
Michael Vick
86.9%
Purdue
Drew Brees
86.9%
Tennessee
Peyton Manning
86.9%
USC
Keyshawn Johnson
83.1%
Northern Illinois
LeShon Johnson
83.1%
Marshall
Randy Moss
82.4%
Marshall
Chad Pennington
81.3%
Michigan
Charles Woodson
80.5%
Syracuse
Donovan McNabb
80.1%
Kentucky
Tim Couch
78.7%
Colorado
Rashaan Salaam
73%
Ohio State
Eddie George
72.7%
Ohio State
Orlando Pace
72.3%
Washington State
Ryan Leaf
71.9%
Virginia
Thomas Jones
70.8%
Florida State
Charlie Ward
70.8%
Florida State
Marvin Jones
70.8%
Florida State
Peter Warrick
70.4%
Central Florida
Dante Culpepper
70.4%
Penn State
Ki-Jana Carter
70%
Arizona State
Jake Plummer
69.7%
Alcorn State
Steve McNair
69.3%
San Diego State
Marshall Faulk
66.3%
Penn State
Kerry Collins
65.9%
BYU
Ty Detmer
65.9%
UCLA
Cade McNown
64.8%
Penn State
Lavar Arrington
64.4%
School
Player
% Correct
Georgia
Champ Bailey
64.4%
Nebraska
Tommie Frazier
63.7%
Iowa State
Troy Davis
60.3%
Florida State
Warrick Dunn
59.9%
Alabama
Shaun Alexander
58.4%
Georgia Tech
Joe Hamilton
58.1%
Michigan
Desmond Howard
55.1%
Kansas State
Michael Bishop
54.3%
Miami(FL)
Gino Torretta
53.9%
Miami(FL)
Warren Sapp
53.6%
Penn State
Curtis Enis
52.8%
NC State
Torry Holt
50.9%
Tulane
Shaun King
50.2%
Washington
Steve Emtman
46.4%
Nebraska
Lawrence Phillips
45.7%
Tennessee
Heath Shuler
45.3%
Washington
Greg Lewis
45.3%
Texas A&M
Darren Lewis
45.3%
Notre Dame
Raghib Ismail
44.6%
Washington State
Drew Bledsoe
44.2%
Louisiana Tech
Tim Rattay
42.3%
Northwestern
Darnell Autry
41.9%
Houston
David Klingler
40.4%
Florida
Danny Wuerffel
38.2%
Fresno State
Trent Dilfer
38.2%
Ohio State
Joe Germaine
37.5%
Georgia
Garrison Hearst
34.5%
Texas Tech
Byron Hanspard
33.7%
Notre Dame
Reggie Brooks
33.7%
School
Player
% Correct
Michigan
Tim Biakabutuka
31.5%
Virginia
Shawn Moore
31.5%
Virginia
Herman Moore
31.5%
Iowa
Tim Dwight
31.1%
Washington
Napoleon Kaufman
30%
Ohio State
Bobby Hoying
28.8%
Alabama
David Palmer
28.8%
Wyoming
Marcus Harris
28.5%
Alabama
Jay Barker
28.5%
Florida
Shane Matthews
27.7%
East Carolina
Jeff Blake
26.2%
Florida State
Casey Weldon
24.3%
Georgia
Eric Zeier
23.6%
Colorado
Eric Bienemy
23.2%
Michigan
Tyrone Wheatley
21.7%
UCLA
JJ Stokes
21.3%
Miami(FL)
Craig Erickson
20.6%
Florida State
Terrell Buckley
19.9%
Air Force
Beau Morgan
17.6%
Boston College
Glenn Foley
17.2%
West Virginia
Amos Zereoue
14.2%
Texas A&M
Bucky Richardson
13.9%
Alabama
Eric Curry
12.4%
Indiana
Vaughn Dunbar
9.7%
Miami(FL)
Michael Barrow
7.9%
Stanford
Glyn Milburn
4.9%
Nebraska
Zach Weigert
3.7%
Army
Mike Mayweather
1.9%
Quiz Playlist
Details
Report
Send in Message
Add To Playlist
Classic:
Type in answers that appear in a list
Quiz Source
Last Updated: Feb 16, 2017
Quiz Scoreboard
CHALLENGE
Sign Up to Join the Scoreboard
Show All
Scores
Hide
Comments
May contain spoilers
Recently Published
Popular People in 1961
by mucciniale
History
6m
1-10 Letter E Words III
by El_Dandy
Language
2m
One Thing in Common: World Cities II
by knightlancer
Geography
7m
More to Explore
Quiz From the Vault
Featured Blog Post
Where Did the Easter Bunny Come From?
hide this ad
You Might Also Like...
Tags
Football Quiz
1990s
Getter
Heisman Trophy
Player
school
Trophy
Vote
Today's Top Quizzes in Sports
Browse Sports
hide this ad
Today's Top Quizzes in Football
Browse Football
Top Contributed Quizzes in Sports
1
2022 World Cup Stars
2
Les entraîneurs de l'OM et du PSG au 21e siècle
3
FIFA Club World Cup Champions
4
Criteria MLB: Left Handed Sluggers
5
Les meilleurs buteurs des matchs entre le PSG et l’OM
6
Name the Premier League winners with different clubs
7
Players with Multiple 50 Home Run Seasons
8
MLB Players with Two .350 Batting Average Seasons
9
La finale Lions - Afrique du Sud 2021
10
MLB Hall of Famer by Rings
Explore More
Trending Topics
Anime
Disney
Harry Potter
Kpop
Marvel
NBA
Crossword
The Office
Country
Pokémon
Soccer
Song
NFL
WWE
Puzzle
hide this ad
More By:
leftyJR3
Quiz
Plays
Rating
Category
Featured
Created
Heisman top ten finishers-2000s
1,706
2.00
Sports
Mar 4, 2010
ESPN Honor Roll Best College Basketball Rivalries
779
2.88
Sports
Sep 15, 2011
NCAA MBB Tournament Regional Sites
356
5.00
Sports
Oct 12, 2010
Heisman top 10 finishers-1990s
267
3.00
Sports
Mar 4, 2010
top 10 heisman vote getters from 1980-89
200
Sports
Mar 24, 2010
Go to Creator's Profile
Score Distribution
Quiz Creator Spotlight
leftyJR3
Follow
Send a Message
Quizzes Created
-
Created Quiz Play Count
-
More By This Creator
Popular Quizzes Today
1
Find the US States - No Outlines Minefield
2
The Countries of the World
3
Popular People in 1961
4
Find the Countries of Europe - No Outlines Minefield
5
1-10 Letter E Words III
6
Find the US States
7
One Thing in Common: World Cities II
8
US States
More Sports Quizzes
Roy Halladay: Hall of Fame Strikeout Profile
Editor's Pick
Trending Quizzes
1-10 Letter F Words
One Thing in Common: Music
1-10 Letter G Words
Risky Map Clicking: Next State Alphabetically
1-10 Letter F Words II
Recently Updated
Leaping Animals
pecheneg
Reality TV Shows (A-Z)
bhenderson79
Rickey Henderson's Hall of Fame Teammates
pecheneg
Champions League XIs: Arsenal
pecheneg
Quick Pick: Celebrities in WWE's Hall of Fame
aduchscher
A-Z Keypad Blitz II
pecheneg
Multiple Oscar Actors
pecheneg
Mystery Phrase Blitz: Oscar 'Best Actors'
pecheneg
F. Scott Fitzgerald Novels
LTH
Pick 3 Villains
ddd62291
Trending Topics
Harry Potter
Anime
Marvel
Crossword
NBA
Disney
Kpop
Puzzle
Country
WWE
NFL
Pokémon
Song
Soccer
The Office
Your Account Isn't Verified!
In order to create a playlist on Sporcle, you need to verify the email address you used during registration. Go to your
Sporcle Settings
to finish the process.
Report this User
Report this user for behavior that violates our
Community Guidelines
.
Details:
Send Report
Go to the Sporcle.com Mobile Site →
Comments